[Event "Nichelino op 17th"]
[Site "Nichelino"]
[Date "2016.10.09"]
[Round "4"]
[White "Brodsky, Igor"]
[Black "Kukov, Velislav"]
[Result "0-1"]
[WhiteElo "2295"]
[BlackElo "2358"]
[PlyCount "54"]
[EventDate "2016.10.07"]
[EventType "swiss"]
[EventRounds "5"]
[EventCountry "ITA"]
[SourceTitle "EXT 2018"]
[Source "ChessBase"]
[SourceDate "2017.10.13"]
[SourceVersion "1"]
[SourceVersionDate "2017.10.13"]
[SourceQuality "1"]

1. c4 Nc6 2. g3 e5 3. Bg2 Bc5 4. Nc3 a6 5. Nf3 d6 6. d3 Ba7 7. a3 Nge7 8. b4 0-0 9. 0-0 h6 10. Bb2 Be6 11. Nd2 Qd7 12. Nd5 Rae8 13. Re1 Nd8 14. Qc2 Bg4 15. Nf3 Ng6 16. Qb3 c6 17. Nc3 Ne6 18. Ne4 f5 19. Ned2 f4 20. Ne4 Bxf3 21. Bxf3 fxg3 22. hxg3 Nef4 23. g4 Qe7 24. Nxd6 Qh4 25. c5+ Re6 26. Nf5 Qh3 27. Ne3 Nxe2+ 0-1

[Event "Moscow VAO FM-B 06"]
[Site "Moscow"]
[Date "2016.06.28"]
[Round "8"]
[White "Slavinsky, Petr"]
[Black "Brodsky, Igor"]
[Result "1-0"]
[WhiteElo "2030"]
[BlackElo "2348"]
[PlyCount "71"]
[EventDate "2016.06.23"]
[EventType "tourn"]
[EventRounds "9"]
[EventCountry "RUS"]
[SourceTitle "EXT 2018"]
[Source "ChessBase"]
[SourceDate "2017.10.13"]
[SourceVersion "1"]
[SourceVersionDate "2017.10.13"]
[SourceQuality "1"]

1. d4 c5 2. c3 Qa5 3. Nf3 cxd4 4. Nxd4 Nf6 5. Nd2 Nc6 6. Nc4 Qc7 7. Nb5 Qd8 8. Bg5 a6 9. Be3 axb5 10. Bb6 bxc4 11. Bxd8 Nxd8 12. e4 Nxe4 13. Bxc4 e6 14. 0-0 Nc6 15. Qe2 d5 16. Bd3 Nc5 17. Bc2 Be7 18. f4 g6 19. b4 Nd7 20. b5 Na5 21. f5 gxf5 22. Bxf5 Nc4 23. Bg4 Nde5 24. Bh5 Bc5+ 25. Kh1 Bd7 26. a4 b6 27. Rf6 Ne3 28. Raf1 Rxa4 29. Bxf7+ Nxf7 30. Qh5 Nxf1 31. Rxf7 Kd8 32. Rxf1 Kc7 33. Qe5+ Kb7 34. Qxh8 Bxb5 35. Rf7+ Kc6 36. Qc8+ 1-0

[Event "Moscow 08"]
[Site "Moscow"]
[Date "2014.02.20"]
[Round "2"]
[White "Semenov, Rinat"]
[Black "Brodsky, Igor"]
[Result "1/2-1/2"]
[WhiteElo "2265"]
[BlackElo "2333"]
[PlyCount "33"]
[EventDate "2014.02.19"]
[EventType "tourn"]
[EventRounds "9"]
[EventCountry "RUS"]
[EventCategory "2"]
[SourceTitle "EXT 2016"]
[Source "ChessBase"]
[SourceDate "2015.10.08"]
[SourceVersion "1"]
[SourceVersionDate "2015.10.08"]
[SourceQuality "1"]

1. d4 Nf6 2. c4 c5 3. d5 b5 4. a4 bxc4 5. Nc3 d6 6. e4 g6 7. Bxc4 Bg7 8. f4 0-0 9. Nf3 Bg4 10. 0-0 Nbd7 11. Qe2 Ne8 12. Be3 Nc7 13. Rad1 Rb8 14. h3 Bxf3 15. Rxf3 Rb4 16. Bf2 Qb8 17. b3 1/2-1/2

[Event "Moscow VAO IM 12"]
[Site "Moscow"]
[Date "2013.12.10"]
[Round "8"]
[White "Brodsky, Igor"]
[Black "Enkhtuul, Altanulzii"]
[Result "1/2-1/2"]
[WhiteElo "2333"]
[BlackElo "2249"]
[PlyCount "72"]
[EventDate "2013.12.07"]
[EventType "tourn"]
[EventRounds "9"]
[EventCountry "RUS"]
[EventCategory "5"]
[SourceTitle "CBM 158 Extra"]
[Source "ChessBase"]
[SourceDate "2014.02.28"]
[SourceVersion "1"]
[SourceVersionDate "2014.02.28"]
[SourceQuality "1"]

1. c4 g6 2. g3 Bg7 3. Bg2 Nf6 4. Nc3 0-0 5. Nf3 d6 6. 0-0 Nbd7 7. d3 a6 8. Bd2 Rb8 9. a4 e5 10. b4 Re8 11. Qc2 Nf8 12. b5 a5 13. Rac1 Ne6 14. e3 Nc5 15. Ng5 Bf5 16. Nce4 Bxe4 17. Nxe4 Nfxe4 18. dxe4 b6 19. Bh3 Qg5 20. Rcd1 Qh5 21. Bg2 Ne6 22. Bc3 g5 23. h3 Kh8 24. Rd5 Rg8 25. Qd1 Qxd1 26. Rfxd1 Nc5 27. Ra1 Nb3 28. Ra3 Nc5 29. Kf1 Rgf8 30. Ke2 h6 31. Bf3 f5 32. exf5 Rxf5 33. Bg4 Rf7 34. Bh5 Rf5 35. f3 Rbf8 36. Ra1 Kh7 1/2-1/2

[Event "Moscow VAO IM 12"]
[Site "Moscow"]
[Date "2013.12.09"]
[Round "6"]
[White "Glek, Igor Vladimirovich"]
[Black "Brodsky, Igor"]
[Result "1/2-1/2"]
[WhiteElo "2463"]
[BlackElo "2333"]
[PlyCount "35"]
[EventDate "2013.12.07"]
[EventType "tourn"]
[EventRounds "9"]
[EventCountry "RUS"]
[EventCategory "5"]
[SourceTitle "CBM 158 Extra"]
[Source "ChessBase"]
[SourceDate "2014.02.28"]
[SourceVersion "1"]
[SourceVersionDate "2014.02.28"]
[SourceQuality "1"]

1. e4 c5 2. Nf3 g6 3. c3 Bg7 4. d4 cxd4 5. cxd4 d5 6. exd5 Nf6 7. Bc4 0-0 8. Nc3 Nbd7 9. 0-0 Nb6 10. Bb3 Nfxd5 11. h3 Bf5 12. Re1 Rc8 13. Bd2 Re8 14. Ne5 Be6 15. Qf3 Rf8 16. Rac1 Nxc3 17. bxc3 Bd5 18. Qg3 1/2-1/2

[Event "Moscow VAO IM 12"]
[Site "Moscow"]
[Date "2013.12.08"]
[Round "4"]
[White "Kubatko, Ivan"]
[Black "Brodsky, Igor"]
[Result "0-1"]
[WhiteElo "2208"]
[BlackElo "2333"]
[PlyCount "54"]
[EventDate "2013.12.07"]
[EventType "tourn"]
[EventRounds "9"]
[EventCountry "RUS"]
[EventCategory "5"]
[SourceTitle "CBM 158 Extra"]
[Source "ChessBase"]
[SourceDate "2014.02.28"]
[SourceVersion "1"]
[SourceVersionDate "2014.02.28"]
[SourceQuality "1"]

1. e4 c5 2. Nf3 g6 3. c4 Nc6 4. d4 cxd4 5. Nxd4 Bg7 6. Nc2 d6 7. Nc3 Bxc3+ 8. bxc3 Nf6 9. f3 Qa5 10. Bd2 Bd7 11. Be2 Rc8 12. Ne3 Be6 13. Nd5 Nd7 14. 0-0 Nce5 15. Be3 Nxc4 16. Qd4 Nde5 17. f4 Bxd5 18. exd5 Nxe3 19. fxe5 Nxf1 20. exd6 Qc5 21. Bb5+ Kd8 22. dxe7+ Kxe7 23. d6+ Kd8 24. Qxc5 Rxc5 25. Bxf1 Kd7 26. Rd1 Rd8 27. c4 Ke6 0-1

[Event "Moscow World Tour - 15th GM"]
[Site "Moscow"]
[Date "2011.02.07"]
[Round "6"]
[White "Brodsky, Igor"]
[Black "Annageldyev, Orazly"]
[Result "1/2-1/2"]
[WhiteElo "2357"]
[BlackElo "2421"]
[PlyCount "32"]
[EventDate "2011.02.07"]
[EventType "tourn"]
[EventRounds "9"]
[EventCountry "RUS"]
[SourceTitle "EXT 2022"]
[Source "ChessBase"]
[SourceDate "2021.10.06"]
[SourceVersion "1"]
[SourceVersionDate "2021.10.06"]
[SourceQuality "1"]

1. c4 c5 2. Nf3 Nf6 3. Nc3 Nc6 4. g3 g6 5. Bg2 Bg7 6. 0-0 e5 7. d3 d6 8. Bg5 h6 9. Bxf6 Bxf6 10. Nd2 Bg7 11. Rb1 0-0 12. a3 a5 13. Nd5 Be6 14. Ne4 Bxd5 15. cxd5 Ne7 16. Nc3 Qd7 1/2-1/2

[Event "Moscow World Tour - 15th GM"]
[Site "Moscow"]
[Date "2011.02.07"]
[Round "1"]
[White "Brodsky, Igor"]
[Black "Omariev, Maksim"]
[Result "1-0"]
[WhiteElo "2357"]
[BlackElo "2295"]
[PlyCount "89"]
[EventDate "2011.02.07"]
[EventType "tourn"]
[EventRounds "9"]
[EventCountry "RUS"]
[SourceTitle "EXT 2022"]
[Source "ChessBase"]
[SourceDate "2021.10.06"]
[SourceVersion "1"]
[SourceVersionDate "2021.10.06"]
[SourceQuality "1"]

1. c4 e5 2. Nc3 Nf6 3. a3 d5 4. cxd5 Nxd5 5. e3 a6 6. Qc2 Nc6 7. Nf3 Be7 8. Bc4 Be6 9. d3 Qd7 10. Nxd5 Bxd5 11. Bxd5 Qxd5 12. e4 Qd6 13. Be3 0-0 14. 0-0 Rfd8 15. Rfd1 Rd7 16. d4 exd4 17. Nxd4 Nxd4 18. Rxd4 Qe6 19. Rxd7 Qxd7 20. Rd1 Qc8 21. Bf4 c6 22. Bd6 Qe6 23. Bxe7 Qxe7 24. Qd3 Re8 25. f3 g6 26. Qd7 h5 27. b4 Kg7 28. Qxe7 Rxe7 29. Kf2 Rc7 30. Ke3 Kf6 31. f4 Ke7 32. e5 Rd7 33. Rxd7+ Kxd7 34. g3 Ke6 35. Ke4 b6 36. h3 f5+ 37. exf6 Kxf6 38. g4 hxg4 39. hxg4 Ke6 40. Kd4 Kf6 41. a4 Ke6 42. a5 bxa5 43. bxa5 Kd6 44. f5 gxf5 45. gxf5 1-0

[Event "Moscow World Tour - 15th GM"]
[Site "Moscow"]
[Date "2011.02.07"]
[Round "3"]
[White "Kargin, Arseny"]
[Black "Brodsky, Igor"]
[Result "1/2-1/2"]
[WhiteElo "2400"]
[BlackElo "2357"]
[PlyCount "22"]
[EventDate "2011.02.07"]
[EventType "tourn"]
[EventRounds "9"]
[EventCountry "RUS"]
[SourceTitle "EXT 2022"]
[Source "ChessBase"]
[SourceDate "2021.10.06"]
[SourceVersion "1"]
[SourceVersionDate "2021.10.06"]
[SourceQuality "1"]

1. e4 c5 2. c3 Nf6 3. e5 Nd5 4. Nf3 Nc6 5. d4 cxd4 6. cxd4 d6 7. Bc4 Nb6 8. Bb5 dxe5 9. Nxe5 Bd7 10. Bxc6 Bxc6 11. Nxc6 bxc6 1/2-1/2

[Event "Moscow World Tour 12th IM"]
[Site "Moscow"]
[Date "2010.11.10"]
[Round "7"]
[White "Brodsky, Igor"]
[Black "Klyashtorny, Vladislav"]
[Result "1/2-1/2"]
[WhiteElo "2355"]
[BlackElo "2403"]
[PlyCount "26"]
[EventDate "2010.11.10"]
[EventType "tourn"]
[EventRounds "11"]
[EventCountry "RUS"]
[SourceTitle "EXT 2022"]
[Source "ChessBase"]
[SourceDate "2021.10.06"]
[SourceVersion "1"]
[SourceVersionDate "2021.10.06"]
[SourceQuality "1"]

1. c4 c5 2. Nf3 Nf6 3. Nc3 e6 4. g3 b6 5. Bg2 Bb7 6. 0-0 Be7 7. Re1 a6 8. e4 d6 9. d4 cxd4 10. Nxd4 Qc7 11. Be3 Nbd7 12. Rc1 Rc8 13. b3 0-0 1/2-1/2

[Event "Moscow World Tour 12th IM"]
[Site "Moscow"]
[Date "2010.11.10"]
[Round "3"]
[White "Prosviriakov, Vladimir"]
[Black "Brodsky, Igor"]
[Result "0-1"]
[WhiteElo "2280"]
[BlackElo "2355"]
[PlyCount "50"]
[EventDate "2010.11.10"]
[EventType "tourn"]
[EventRounds "11"]
[EventCountry "RUS"]
[SourceTitle "EXT 2022"]
[Source "ChessBase"]
[SourceDate "2021.10.06"]
[SourceVersion "1"]
[SourceVersionDate "2021.10.06"]
[SourceQuality "1"]

1. Nf3 Nf6 2. d4 g6 3. c4 Bg7 4. Nc3 0-0 5. g3 d6 6. Bg2 Nc6 7. 0-0 a6 8. d5 Na5 9. Qd3 c5 10. Bd2 b5 11. cxb5 axb5 12. b4 cxb4 13. Nxb5 Bf5 14. Qd4 Qd7 15. Qxb4 Nxd5 16. Qa4 Nb6 17. Qb4 Nc6 18. Qb3 Be6 19. Qc2 Bxa1 20. Rxa1 Rfc8 21. Qe4 Ra4 22. Qe3 Nc4 23. Qh6 f6 24. Bc3 N4e5 25. Nh4 g5 0-1

[Event "Cannes Martinez op"]
[Site "Cannes"]
[Date "1992.??.??"]
[Round "?"]
[White "Brodsky, Igor"]
[Black "Relange, Eloi"]
[Result "1/2-1/2"]
[WhiteElo "2375"]
[BlackElo "2285"]
[PlyCount "84"]
[EventDate "1992.07.??"]
[EventType "swiss"]
[EventRounds "9"]
[EventCountry "FRA"]
[SourceTitle "EXT 1997"]
[Source "ChessBase"]
[SourceDate "1996.11.15"]
[SourceVersion "1"]
[SourceVersionDate "1996.11.15"]
[SourceQuality "1"]

1. c4 g6 2. g3 Bg7 3. Bg2 Nf6 4. Nc3 0-0 5. Nf3 d6 6. 0-0 e5 7. d3 a5 8. a3 h6 9. Rb1 Be6 10. b4 axb4 11. axb4 c6 12. Bb2 Nbd7 13. Ra1 d5 14. Rxa8 Qxa8 15. cxd5 Nxd5 16. Nxd5 Bxd5 17. Qa1 Re8 18. Nd2 Nb6 19. e4 Qxa1 20. Rxa1 Be6 21. Ra7 Ra8 22. Rxa8+ Nxa8 23. Nf3 f6 24. d4 exd4 25. Nxd4 Bc4 26. Bh3 Nc7 27. Bc8 Ba6 28. f4 Bf8 29. Ba3 c5 30. bxc5 b6 31. Be6+ Kg7 32. Ba2 Bxc5 33. Bxc5 bxc5 34. Ne6+ Nxe6 35. Bxe6 Bb7 36. e5 g5 37. Kf2 gxf4 38. gxf4 fxe5 39. fxe5 Kf8 40. Ke3 Ke7 41. Bc4 Bc8 42. Ke4 Be6 1/2-1/2